000
00299nam a22001097a 4500
005
20251014140033.0
008
251014b |||||||| |||| 00| 0 eng d
040
_c
PK-LaNCA
082
_a
720.92
_b
LEC
245
_a
Le Corbusier, 1887-1965 : the lyricism of architecture in the machine age
942
_c
BK
999
_c
67085
_d
67085